Order of José Martí Recipients by Country - Statistics

General Stats
  • This quiz has been taken 14 times
  • The average score is 41 of 63
Answer Stats
# Country Recipients % Correct
1 Bolivia Evo Morales
100%
1 Cambodia Hun Sen
100%
2 Chile Salvador Allende, Gladys Marín
100%
1 China Hu Jintao
100%
8 Cuba Alicia Alonso, Vicentina Antuña, Alfredo Guevara, Nicolás Guillén, Armando Hart, Fina García Marruz, Roberto Fernández Retamar, Cintio Vitier
100%
2 Puerto Rico (United States) Lolita Lebrón, Rafael Cancel Miranda
100%
1 India Indira Gandhi
100%
1 Laos Kaysone Phomvihane
100%
5 Mexico Pablo González Casanova, Luis Echeverría Álvarez, Miguel de la Madrid, Andrés Manuel López Obrador, José López Portillo
100%
2 Nicaragua Ernesto Cardenal, Daniel Ortega
100%
4 Soviet Union Leonid Brezhnev, Andrei Gromyko, Alexei Kosygin, Nikolai Tikhonov
100%
2 Venezuela Hugo Chávez, Nicolás Maduro
100%
8 Vietnam Lê Duẩn, Nguyễn Minh Triết, Nguyễn Phú Trọng, Nguyễn Tấn Dũng, Nguyễn Xuân Phúc, Phan Văn Khải, Tô Lâm, Võ Văn Kiệt
100%
1 Argentina Fanny Edelman
86%
1 Dominican Republic Juan Bosch
86%
1 United Kingdom Andrew Bertie
86%
1 Ethiopia Mengistu Haile Mariam
86%
1 Haiti René Préval
86%
1 Iran Mohammad Khatami
86%
1 Iraq Saddam Hussein
86%
1 North Korea Kim Il-Sung
86%
5 Poland Edward Gierek, Fabio Grobart, Henryk Jabłoński, Piotr Jaroszewicz, Wojciech Jaruzelski
86%
1 Russia Vladimir Putin
86%
1 Angola José Eduardo dos Santos
71%
1 Czechoslovakia Gustáv Husák
71%
1 North Yemen / Yemen Ali Abdullah Saleh
71%
1 Grenada Keith Mitchell
71%
1 Hungary János Kádár
71%
2 Jamaica Michael Manley, Percival James Patterson
71%
1 Portugal Vasco Gonçalves
71%
1 Romania Nicolae Ceaușescu
71%
2 South Africa Nelson Mandela, Jacob Zuma
71%
3 Spain Rafael Alberti, Antonio Gades, Felipe González
71%
1 Afghanistan Mohammad Najibullah
57%
2 Algeria Houari Boumédiène, Abdelaziz Buteflika
57%
1 Belarus Alexander Lukashenko
57%
1 Belize George Cadle Price
57%
1 Bulgaria Todor Zhivkov
57%
2 (People's) Republic of the Congo Marien Ngouabi, Denis Sassou-Nguesso
57%
3 East Germany Erich Honecker, Horst Sindermann, Willi Stoph
57%
1 Guyana Forbes Burnham
57%
1 Mongolia Yumjaagiin Tsedenbal
57%
1 Namibia Sam Nujoma
57%
2 Panama Omar Torrijos, Martín Torrijos Espino
57%
1 Ukraine Viktor Yanukovych
57%
1 Yugoslavia Mitja Ribičič
57%
1 Tanganyika / Tanzania Julius Nyerere
43%
2 Malaysia Abdullah Ahmad Badawi, Mahathir Mohamad
43%
1 Paraguay Augusto Roa Bastos
43%
1 Serbia Tomislav Nikolić
43%
1 Zambia Kenneth Kaunda
43%
1 Zimbabwe Robert Mugabe
43%
1 Barbados Owen Arthur
29%
1 Burkina Faso Thomas Sankara
29%
1 Saint Vincent and the Grenadines Ralph Gonsalves
29%
2 Guinea-Bissau Luís Cabral, João Bernardo Vieira
29%
1 Mali Alpha Oumar Konaré
29%
2 Cyprus Dimítris Christófias, Spyros Kyprianou
14%
1 Ghana Jerry Rawlings
14%
1 Qatar Hamad bin Khalifa al-Thani
14%
3 Cabo Verde António Mascarenhas Monteiro, Pedro Pires, Aristides Pereira
0%
1 São Tomé and Príncipe Manuel Pinto da Costa
0%
1 Timor-Leste José Ramos-Horta
0%
No matching quizzes found
Score Distribution
Percent of People with Each Score
Percentile by Number Answered
Your Score History
You have not taken this quiz